| 000 | 00489cam a2200145 4500500 | ||
|---|---|---|---|
| 005 | 20251012004342.0 | ||
| 041 | _afre | ||
| 042 | _adc | ||
| 100 | 1 | 0 |
_aMaurin, Louis _eauthor |
| 245 | 0 | 0 | _aImmigration : l’Europe éclatée |
| 260 | _c2016. | ||
| 500 | _a36 | ||
| 786 | 0 | _nAlternatives Économiques | 109 - Hors série | HS1 | 2016-10-01 | p. 64-65 | 0247-3739 | |
| 856 | 4 | 1 | _uhttps://shs.cairn.info/magazine-alternatives-economiques-2016-hs1-page-64?lang=fr&redirect-ssocas=7080 |
| 999 |
_c1515270 _d1515270 |
||